Vicious - Sabrina Carpenter (All Lyrics) - Statistics

General Stats
  • This quiz has been taken 461 times
  • The average score is 212 of 252
Answer Stats
Vicious % Correct
you
98%
Bridge | Verse 2 You
98%
be
97%
so
97%
vicious
97%
vicious?
97%
a
96%
I
96%
the
96%
me
95%
then
95%
your
95%
Love
94%
love
94%
Why
94%
You're
94%
you're
94%
Chorus | Post-Chorus Oh
93%
oh
93%
didn't
92%
an
91%
gotta
91%
And
89%
and
89%
Verse 1 One
89%
one
89%
pretend
88%
to
88%
To
88%
But
87%
but
87%
I'm
87%
in
87%
it
86%
was
86%
bad
85%
best
85%
moments
84%
Cause
83%
like
83%
think
83%
year
83%
ten
82%
thousand
82%
my
81%
don't
80%
for
80%
that
80%
When
80%
heart
79%
just
79%
no
79%
up
79%
wish
79%
could
78%
feel
78%
her
78%
of
78%
if
77%
If
77%
is
77%
fuck
76%
look
75%
emotion
74%
person
74%
worst
74%
image
73%
wreck
73%
lucky
72%
remorse
72%
run
72%
would
72%
heated
71%
hurt
71%
Now
71%
Pre-Chorus Said
71%
whoever
71%
commotion
70%
dressed
70%
private
70%
smart
70%
tried
70%
type
70%
use
70%
winning
70%
woman
70%
life
69%
all
68%
angel
68%
different
68%
acting
67%
burden
67%
carried
67%
caused
67%
certain
67%
died
67%
Crush
66%
effects
66%
everyone
66%
I've
66%
kinda
66%
probably
66%
intuition
65%
quietly
65%
shit
65%
known
64%
only
64%
Who's
64%
wording
64%
can't
63%
loved
63%
neglects
62%
next
62%
thinks
62%
along
61%
Half
61%
insecure
61%
as
60%
resist
58%
promise
57%
out
56%
songs
55%
take
55%
there
55%
somewhere
54%
listening
52%
shoulda
28%
No matching quizzes found
Score Distribution
Percent of People with Each Score
Percentile by Number Answered
Your Score History
You have not taken this quiz